FC Barcelona Canteranos- Sudden Death - Statistics

General Stats
  • This quiz has been taken 162 times
  • The average score is 8 of 24
Answers on the Grid
Answers color-coded by a green-red scale on the quiz's grid according to % correct below.
André Gomes
André Onana
Andrés Iniesta
Carles Puyol
Cesc Fabregas
Dani Olmo
Daniel Alves
David Villa
Ferrán Torres
Frenkie de Jong
Gavi
Gerard Piqué
Grimaldo
Ivan Rakitić
Jordi Alba
Lamine Yamal
Lionel Messi
Marc Cucurella
Mauro Icardi
Memphis Depay
Pedri
Pedro Rodríguez
Pep Guardiola
Pepe Reina
Sergi Barjuan
Sergi Roberto
Sergio Busquets
Takefusa Kubo
Thiago Alcântara
Víctor Valdés
Xavi Hernandez
Xavi Simons
 
Answer Stats
Answer % Correct
Carles Puyol
78%
Andrés Iniesta
73%
Cesc Fabregas
53%
Dani Olmo
49%
André Onana
43%
Lionel Messi
42%
Gavi
38%
Gerard Piqué
35%
Xavi Simons
30%
Sergio Busquets
29%
Sergi Roberto
29%
Xavi Hernandez
29%
Grimaldo
28%
Lamine Yamal
28%
Jordi Alba
27%
Thiago Alcântara
25%
Marc Cucurella
24%
Pep Guardiola
24%
Víctor Valdés
24%
Pedro Rodríguez
22%
Takefusa Kubo
20%
Mauro Icardi
19%
Pepe Reina
19%
Sergi Barjuan
16%
No matching quizzes found
Score Distribution
Percent of People with Each Score
Percentile by Number Answered
Your Score History
You have not taken this quiz